| 000 | 00425nam a2200157 i 4500 | ||
|---|---|---|---|
| 001 | 40712 | ||
| 003 | ES-MaACL | ||
| 005 | 20230906160309.0 | ||
| 007 | t| | ||
| 008 | 030306s1978 sp ||||1| spa d | ||
| 245 | 0 | 0 |
_aCapitalismo y regionalismo / _cMarcel Rosette... [et al.]. |
| 260 |
_aMadrid : _bAkal, _c[1978] |
||
| 300 |
_a142 p. ; _c18 cm. |
||
| 700 | 1 |
_aRosette, Marcel. _999775 |
|
| 852 |
_aES-MaACL _jA-9873 _bR.98908 |
||
| 999 |
_c40712 _d40712 |
||